01901nam a2200313 a 450000100100000000500170001000800410002702000180006802000180008604100080010404300120011210000400012424500690016425000120023326000510024530000460029649000880034250000500043052007660048060001020124665000290134865000390137765000330141665000370144965000320148665000270151865000110154570000310155600008740620200120224953.0171017s2018 ck ||||er|||||000 c|spa d a9789586655279 a97884168301450 aspa as-ck---1 aMarchamalo García, Jesúsd1960-10aCortázar /cJesús Marchamalo; ilustraciones: Marc Torices, . a1a. ed. aMadrid :bSiglo del hombre,bNórdica,c2018. a229 páginas. :bilustraciones en color. aMinisterio de Cultura, Plan Nacional de Lectura y Escritura Leer es mi Cuento, 2018 aRecomendado para jovenes mayores de 13 años a"Julio Cortázar, delgado y larguirucho, pelo negro, indómito, barba, gafas de pasta y rostro de adolescente eterno. Uno de los más reconocidos y más queridos autores contemporáneos, y uno de los nombres imprescindibles del boom latinoamericano. Esta biografía ilustrada permite recorrer, de la mano de Jesús Marchamalo y Marc Torices, los episodios más relevantes, iluminadores, de su vida y conocer, como testigos privilegiados, buena parte de su mundo y su literatura: sus lecturas y viajes, su infancia, sus amigos, sus primeros escritos, el jazz, París y sus paseos con la Maga y su amor por los gatos. Un retrato imprescindible del autor de Rayuela, lleno de complicidad y admiración. Nunca nadie, antes, nos lo había mostrado así."17aCortázar, Juliod1914-1984xLibros ilustradosvBiografíasxTiras cómicas, historietas, etc.14aNovela juvenil argentina14aTiras cómicas, historietas, etc.24aLiteratura juvenil argentina24aAutores ArgentinosxBiografías24aNovela gráfica española24aHistorias de aventuras24aComics aTorices, Marceilustrador.